Statistics for Every Brock Lesnar Opponent since 2012 Return

Click here to take the quiz!

General Stats

  • This quiz has been taken 33 times
  • The average score is 65 of 80

Answer Stats

HintAnswer% Correct
WrestleMania 34Roman Reigns
100%
WrestleMania 31Roman Reigns
100%
SummerSlam 2022Roman Reigns
100%
WrestleMania 38 - Night 2Roman Reigns
100%
Crown Jewel 2021Roman Reigns
100%
SummerSlam 2018Roman Reigns
100%
Greatest Royal Rumble 2018Roman Reigns
100%
SummerSlam 2017Roman Reigns
100%
Fastlane 2016Roman Reigns
100%
Extreme Rules 2012John Cena
94%
SummerSlam 2014John Cena
94%
Royal Rumble 2015John Cena
94%
Night of Champions 2014John Cena
94%
SummerSlam 2017Samoa Joe
94%
Great Balls of Fire 2017Samoa Joe
94%
Royal Rumble 2015Seth Rollins
94%
SummerSlam 2019Seth Rollins
94%
WrestleMania 35Seth Rollins
94%
Battleground 2015Seth Rollins
94%
Day 1 2022Seth Rollins
94%
Elimination Chamber 2022Seth Rollins
94%
Extreme Rules 2019Seth Rollins
94%
WrestleMania 31Seth Rollins
94%
WrestleMania 30Undertaker
94%
Hell In a Cell 2015Undertaker
94%
SummerSlam 2015Undertaker
94%
SummerSlam 2013CM Punk
89%
Night of Champions 2023Cody Rhodes
89%
Backlash 2023Cody Rhodes
89%
Fastlane 2016Dean Ambrose
89%
WrestleMania 32Dean Ambrose
89%
Survivor Series 2016Goldberg
89%
WrestleMania 33Goldberg
89%
WWE Beast In the East 2015Kofi Kingston
89%
Friday Night SmackDown - 20th Anniversary ShowKofi Kingston
89%
WrestleMania 39 - Night 2Omos
89%
Money In the Bank 2019Randy Orton
89%
SummerSlam 2016Randy Orton
89%
Extreme Rules 2013Triple H
89%
WrestleMania 29Triple H
89%
SummerSlam 2012Triple H
89%
Elimination Chamber 2022AJ Styles
83%
Survivor Series 2017AJ Styles
83%
Crown Jewel 2022Bobby Lashley
83%
Day 1 2022Bobby Lashley
83%
Royal Rumble 2022Bobby Lashley
83%
Elimination Chamber 2023Bobby Lashley
83%
Elimination Chamber 2022Bobby Lashley
83%
Roadblock 2016Bray Wyatt
83%
WWE Live from MSG - Road to WrestleMania 33Kevin Owens
83%
Day 1 2022Kevin Owens
83%
Survivor Series 2019Rey Mysterio
83%
Day 1 2022Big E
78%
WWE Raw 03/20/2017 - Dark MatchBig Show
78%
Live from MSG 2015Big Show
78%
Royal Rumble 2014Big Show
78%
SummerSlam 2017Braun Strowman
78%
No Mercy 2017Braun Strowman
78%
Royal Rumble 2018Braun Strowman
78%
Crown Jewel 2018Braun Strowman
78%
Survivor Series 2018Daniel Bryan
78%
Money In the Bank 2019Drew McIntyre
78%
WrestleMania 36 - Day 2Drew McIntyre
78%
Royal Rumble 2018Kane
78%
Elimination Chamber 2022Austin Theory
67%
Royal Rumble 2019Finn Balor
67%
Money In the Bank 2019Finn Balor
67%
Roadblock 2016Luke Harper
67%
Super Showdown 2020Ricochet
67%
Money In the Bank 2019Ricochet
67%
Money In the Bank 2019Mustafa Ali
61%
Money In the Bank 2019Baron Corbin
56%
Elimination Chamber 2022Riddle
56%
Crown Jewel 2019Cain Velasquez
50%
Money In the Bank 2019Andrade
44%
WWE Live 01/06/16Sheamus
44%
WWE Live from Mexico City 2016Rusev
33%
WWE Live - Road to WrestleMania 2016Rusev
33%
WWE Live - Holiday Tour 2015Alberto Del Rio
22%
BONUS - UFC 200 - 2016Mark Hunt
22%

Score Distribution

Percentile by Number Answered

Percent of People with Each Score

Your Score History

You have not taken this quiz